000 00500nam a2200181Ia 4500
008 240925s9999 xx 000 0 und d
020 _a9789385965630
082 _a519.5 SRI
100 _aSrivastava, T.N.
245 0 _aStatistics for Management
250 _a3rd
260 _aNew Delhi:
_bMcGraw Hill Education (India) Private Limited
_c,2016.
300 _a375p.
_bNA
_fOriginal
500 _aIncludes Index
600 _aHumanities & Natural Science
650 _aMathematics
942 _cBK
999 _c16161
_d16161